[Event "Benasque op 31st"]
[Site "Benasque"]
[Date "2011.07.11"]
[Round "5"]
[White "Rubio Mejia, Luis Ignacio"]
[Black "Marin, Mihail"]
[Result "1/2-1/2"]
[WhiteElo "2417"]
[BlackElo "2548"]
[Annotator "Marin,M"]
[PlyCount "45"]
[EventDate "2011.07.07"]
[EventType "swiss"]
[EventRounds "10"]
[EventCountry "ESP"]
[SourceTitle "CBM 143 Extra"]
[Source "ChessBase"]
[SourceDate "2011.08.29"]
[SourceVersion "1"]
[SourceVersionDate "2011.08.29"]
[SourceQuality "1"]

1. d4 e6 2. c4 Bb4+ 3. Bd2 a5 4. Nc3 d6 5. e4 {The most aggressive
continuation, which gives Black the opportunity to play for a blockade in the
centre and on the queenside.} e5 6. a3 Bxc3 7. Bxc3 Qe7 {Sometimes I forget my
own recommandations!} ({I considered that the text move defines the queen's
intentions too soon and took} 7... Nf6 $1 {as the best move. During the game,
I did not even consider it!} 8. f3 {White has to maintain the possibility of
capturing on d4 with the queen.} ({I probably thought that I have to prevent} 
8. dxe5 {someway, failing to notice that} Nxe4 {solves the problems for Black.}
) 8... exd4 9. Qxd4 O-O {"The position is similar to the tabyia arising after
a completely different beggining: 1.c4 e5 2.Nc3 Bb4 3.Nd5 Be7 4.d4 d6 5.e4 Nf6
6.Nxe7 Qxe7 7.f3. White has the space advantage and the bishop pair, but his
development has been delayed. One additional detail by comparison with the
aforementioned English line is that the b3-square has been weakened, offering
Black the possibility of blocking the queenside."} 10. Ne2 Nc6 11. Qd2 Nd7 12.
Ng3 Nc5 $132 {Tisdall,J (2465)-Kortschnoj,V (2655) Haifa 1989 EU-chT}) 8. Bd3 (
{In the article, only} 8. d5 {was mentioned, like in Kortschnoj,V (2640)
-Dolmatov,S (2565)/Madrid 1988/EXT 1997 (1/2, 44) After the game move, too, we
will see that the queen is not too well placed on e7.}) 8... Nf6 9. f3 exd4 10.
Bxd4 Nc6 11. Bf2 $1 {><c5. White improves the position of the bishop.} ({
Retreating it mechanically to c3 would offer Black excellent chances for
successful blockade on c5:} 11. Bc3 O-O $132) 11... O-O 12. Ne2 {Like in the
Sämisch KI, White's natural development is affected by the presence of the
pawn on f3, but once he succeeds, Black risks getting into trouble.} Ne5 $1 {
Playing against the exposed bishop. If White is allowed to play Nc3 and Be2,
his space advantage and bishop pair would offer him the better position for
nothing.} 13. O-O Be6 14. Rc1 ({During the game I was kind of afraid of} 14.
Nf4 Bxc4 15. Bxc4 Nxc4 16. Bh4 $2 {, but it seems that White does not get
enough of an attack:} Ne3 17. Qc1 Nxf1 18. Nh5 Qe5 $17) 14... Nfd7 15. Nd4 $5 (
{I was expecting} 15. Nf4 {and was prepared for a continuation like} Nxd3 16.
Qxd3 a4 17. Nd5 Qd8 18. Bd4 (18. c5 Nxc5 19. Bxc5 dxc5 20. Rxc5 c6 21. Nf4 Qxd3
22. Nxd3 Rfd8 $15) 18... f6 19. Rfe1 b6 {with similar play to that in the game,
actually.}) 15... Nxd3 {Playing for a solid position.} ({If I had been more
ambitious, I would have considered} 15... Qg5 $5) 16. Qxd3 Nc5 {Actually,
there was no need to hurry with the occupation of the c5-square.} (16... a4 $5
{was playable too, since after} 17. Nb5 {I could play} Nc5 $1 {anyway, for
instance} 18. Bxc5 dxc5 19. Nc3 $6 c6 $1 {White's knight is restricted and the
c4-pawn is vulnerable, which at least compensates for the mobile kingside
majority.}) 17. Qc2 a4 {Both sides have carried out the first part of their
plans. White has more space, but Black is absolutely stable on the queenside.
In the event of simplifications, the c4-pawn may become weak.} 18. Rfe1 $1 {
Playing for development. Concrete action would not bring in much.} (18. Nxe6
Nxe6 $11) (18. Nf5 Bxf5 19. exf5 Nb3 20. Rcd1 Qf6 $13) 18... Bd7 {Being
slightly underdeveloped, I have to play again and again with the same pieces.}
(18... f6 {allows} 19. Nf5 $14 {, for instance} Qf7 20. Bxc5 dxc5 21. Ne3 {
safely defending c4.}) 19. Rcd1 (19. Nf5 {is inoffensive now:} Bxf5 20. exf5
Qf6 {In this case, the queen is a good blocking piece!} 21. Bxc5 (21. Rcd1 Nb3
{prevents Bd4.}) 21... dxc5 22. Rcd1 h5 $11) 19... Qf6 $6 {This actually loses
a tempo.} ({The optimal regrouping was} 19... b6 $1 {I was afraid of} 20. Nf5 {
, failing to notice that} Qe8 $3 {keeps everything under control.} (20... Bxf5
21. exf5 $40 {><d4, /\Bd4}) 21. Ne3 (21. Bd4 f6 22. Ne3 Qf7 23. Nd5 Bc6 $11)
21... f6 22. Nd5 Rc8 23. Bd4 Qf7 24. Qf2 Bc6 $11 {[%cal Gc8e8,Gf6f5] This
regrouping is more harmonious than that from the game.}) 20. Ne2 $1 b6 21. Bd4
Qe7 {Another necessary loss of time.} (21... Qd8 22. e5 $36) 22. Nc3 f6 23. Nd5
{With 7 minutes left on his clock (I had 38), my opponent offered a draw.} ({
Even after having lost so much time with the queen, Black's position seems
entirely viable:} 23. Nd5 Qd8 24. Qf2 (24. Bxc5 bxc5 25. f4 Re8 26. Qf2 {
is the line I was afraid of, when accepting the draw, but Black can resist:}
Rb8 27. e5 fxe5 28. fxe5 Be6 $11 {and White has no obvious ways of increasing
his pressure. The apparent weakness on d6 reminds me of some positions of the
Steinitz RL, which I examined in two earlier articles.}) 24... Be6 25. Qg3 (25.
f4 c6 {><e4, c4}) 25... Nb3 26. Bc3 Na5 $132) 1/2-1/2

[Event "Odorheiu Secuiesc zt"]
[Site "Odorheiu Secuiesc"]
[Date "1995.??.??"]
[Round "7"]
[White "Marin, Mihail"]
[Black "Istratescu, Andrei"]
[Result "1/2-1/2"]
[WhiteElo "2540"]
[BlackElo "2505"]
[Annotator "Marin,M"]
[PlyCount "30"]
[EventDate "1995.03.??"]
[EventType "swiss"]
[EventRounds "9"]
[EventCountry "ROU"]
[SourceTitle "CBM 047"]
[Source "ChessBase"]
[SourceDate "1995.08.01"]
[SourceVersion "1"]
[SourceVersionDate "1995.08.01"]
[SourceQuality "1"]

1. d4 b5 2. e4 a6 3. Bd3 Bb7 4. Nf3 e6 5. Nbd2 Nf6 6. c3 d6 7. O-O c5 8. Qe2
Qc7 9. a4 (9. b3 $5 Be7 (9... Nbd7 $2 10. d5 exd5 11. exd5+ Be7 12. c4 $16) 10.
a4 bxa4 11. Rxa4 O-O 12. Bb2 d5 $132) 9... c4 (9... bxa4 10. d5 $1 exd5 11.
exd5+ Be7 12. c4 $16) 10. Bc2 $14 Be7 11. Re1 O-O 12. Nf1 Nbd7 13. Ng3 Rfe8 14.
h4 e5 $6 (14... h6 $5) 15. d5 $16 g6 (15... g6 16. h5 Bf8 (16... Nc5 17. Nh2
Rab8 (17... Bf8 18. Bg5 Bg7 19. Qf3 Nfd7 20. Ng4 $16) 18. f4 $16) 17. Nh2 Bg7
18. Bg5 h6 19. Be3 $16) 1/2-1/2

[Event "ROM-chT "]
[Site "Mamaia"]
[Date "2015.10.11"]
[Round "9.2"]
[White "Marin, Mihail"]
[Black "Ionescu, Constantin"]
[Result "1-0"]
[WhiteElo "2580"]
[BlackElo "2453"]
[Annotator "Marin,M"]
[PlyCount "80"]
[EventDate "2015.10.03"]
[EventType "team-tourn"]
[EventRounds "9"]
[EventCountry "ROU"]
[SourceTitle "CBM 169"]
[Source "ChessBase"]
[SourceDate "2015.11.10"]
[SourceVersion "1"]
[SourceVersionDate "2015.11.10"]
[SourceQuality "1"]
[WhiteTeam "Bucharest Apa Nova"]
[BlackTeam "Techirghiol Victoria"]
[WhiteTeamCountry "ROU"]
[BlackTeamCountry "ROU"]

1. d4 e6 {A slight surprise. I had prepared a bit against the Queen's Indian
and the Benoni, my opponent's main openings. When I saw his first move I
suspected he wanted to go for the accelerated Bogo-Indian 2...Bb4+. During the
same championship and even earlier I had noticed that some of my national team
colleagues had adopted openings from my recent repertoire, possibly influenced
by my corresponding articles for CBM, too, but it felt a bit strange that
somebody would think of trying one of them against myself! These thoughts took
me a few minutes before I decided to go:} 2. c4 b6 {This second surprise
changed the course of my thoughts completely, actually complicating matters a
lot. I had just published a CBM article on 1.d4 e6 2.c4 Bb4+ 3.Nc3/d2 b6 4.e4,
transposing to a 4.Nc3/Nd2 Owen, looked at from Black's point of view. After a
few more minutes I decided it was impossible not to remember what the critical
line was so I occupied the centre with:} 3. e4 Bb7 4. Nc3 ({In the
introduction to my article I had mentioned that the suggested move order (Bb4+
before ...b6) has the advantage of avoiding the critical} 4. Bd3 f5 (4... Bb4+
{is best met with} 5. Kf1 $1 {defending g2 and leaving the b4-bishop out of
play. A recent example went} Be7 6. Nc3 d6 7. Nf3 Nf6 8. g3 O-O 9. Kg2 Nbd7 10.
Qe2 c5 11. d5 $14 {So,W (2744)-Jobava,B (2713) Bergamo 2014 (1-0, 37)}) 5. exf5
Bxg2 6. Qh5+ {I had had a look at this line and knew that despite the
computers' initial scepticism (-/+) the position was at least dangerous for
Black. But even though this kind of sharp play is not typical for Constantin,
I did not decide to go for it without some concrete preparation.}) 4... Bb4 {
When trying to make my choice, I had a strange feeling. I was sure I could
step by step remember the main lines recommended in the article if I was
playing with Black, but from the other side of the board it felt impossible to
"see" farther than 1-2 moves. Eventually I came up with the move against which
I knew that the critical Black answer involves sacrificing one or two pawns,
something I felt Costica would not be keen to play.} 5. f3 {After moving I
looked at the clock and realised I had spent almost 30 minutes already!! In
order to shake myself out of this slowness, I went out for a cigarette and
from the first puffs I guessed my opponent's reply, making all my earlier
hesitations pointless. By the time I returned to the game I had made up my
plans for the next phase of the game, which I played relatively quickly.} Bxc3+
({The aforementioned line goes} 5... f5 $1 6. exf5 Nh6 $1) 6. bxc3 {My
opponent's inclination to play solid structures did a bad service to him this
time. If comparing with the Sämisch Nimzo-Indian, White has a few additional
trumps. He has not wasted time with a2-a3 and the pawn will prove useful on a2
later. Moreover, he will develop his knight on the best square (f3) after
occupying the centre, something impossible in the NI.} Ne7 {The only detail
slighty favouring Black: he can develop his knight without blocking the f-pawn,
so as to meet the f3-f4-f5 attack with ...f7-f6 or even ...f7-f5.} ({With the
bishop on f1 still,} 6... Qh4+ 7. g3 Qh5 {runs into} 8. Nh3 $14) ({Keeping the
h4-d8 diagonal free would not have altered White's plan too much:} 6... d6 7.
Bd3 Qh4+ 8. g3 Qh5 9. h4 $14 {[%cal Gg3g4,Gg1h3]}) 7. Bd3 d6 8. Qe2 $146 {
Later I regretted I did not stop for a minute to ask myself whether this
prophylactic move, defending g2 in order to prepare f3-f4, was necessary.} (8.
f4 $1 {was more flexible, avoiding the early queen commitment.} f5 $140 (8...
Nbc6 9. Nf3 Qd7 10. O-O O-O-O $6 11. Ba3 Ba6 {Neuman,P (2471)-Lipka,J (2441)
Slovakia 2013 (½-½, 41)} 12. d5 $1 $16 Na5 $2 13. c5 $1 Bxd3 14. c6 $1 $18) (
8... O-O 9. Nf3 c5 10. O-O $14) 9. Qe2 (9. Qh5+ Ng6 10. exf5 Bxg2 11. fxg6 h6
$1 $13) 9... O-O (9... fxe4 10. Bxe4 Bxe4 11. Qxe4 {[%csl Ga8,Ge6] xRa8, Pe6})
10. Nf3 h6 11. O-O Nd7 12. exf5 exf5 13. Nh4 $36) ({I was a bit surprised to
find out that one of my favourite players had switched to the Sämisch type of
development with} 8. Ne2 e5 (8... c5 9. O-O Nd7 10. f4 O-O 11. f5 Nc6 $132) 9.
Be3 O-O 10. Ng3 Nbc6 11. f4 exf4 (11... f5 $5 $132) 12. Bxf4 Ng6 13. Be3 Na5
14. O-O Ba6 15. Qe2 Qd7 16. Nf5 {Things start looking bad for Black now.} Qa4
17. Rf3 Bxc4 18. Rh3 Rfe8 19. Qh5 Nf8 20. Nxg7 Kxg7 21. Bh6+ Kf6 {In Karpov,A 
(2740)-Brix,G Hockenheim (simul) 1994 (1-0, 48) the then still World champion
overlooked a simple mating sequence} 22. Bg5+ Kg7 (22... Ke6 23. Qg4+) 23. Qh6+
Kg8 24. Bf6 {and had to play more than 25 moves to win.}) 8... Qd7 {A very
flexible move, which does not discard any of Black's intentions yet.} ({
While my opponent was thinking, I considered} 8... c5 9. f4 Nbc6 10. Nf3 $14) (
{and} 8... e5 9. f4 exf4 10. Nh3 $1 Ng6 11. O-O Nd7 12. Nxf4 Nxf4 13. Bxf4 O-O
14. Qg4 Qe7 15. Rae1 $36 {[%csl Gg8] xKg8}) 9. f4 Nbc6 10. Nf3 {Black has
finished his neutral moves and has to make the decision about where to castle.}
O-O-O $2 {Optically, it may seem that White's pieces are optimally placed for
a kingside attack, but the game proves that the queenside is the most
dangerous area for the black king. Moreover, the f7-pawn will be vulnerable in
some lines.} ({Even though} 10... O-O {would not solve Black's problems, it
would have made White's task to start a successful attack more difficult.} 11.
O-O Na5 {for instance:} 12. e5 {[%cal Gd3h7,Gf3g5]} h6 13. Nh4 {[%cal Gf4f5]}
Rae8 14. Ba3 $14 {with pressure on all the sectors of the board.}) 11. O-O h6 (
11... Rhe8 12. Ng5 $16) (11... Rde8 {d<->} 12. c5 $1 dxc5 13. dxc5 $16) (11...
Kb8 $5) 12. d5 {I did not hesitate much when playing this active and
reasonably strong move.} ({With more time on the clock I would have considered
completing the development with} 12. Be3 {but intuitively I was not sure if I
should commit my bishop so early. Later in the game I made use of it on a more
active diagonal.}) 12... Na5 13. Nd4 Ba6 $6 {Justifying my plan.} (13... Qa4 $2
14. c5 $1 {[%csl Ra4][%cal Gd3b5] /\ Bb5}) ({While my opponent was thinking I
considered the main line to be} 13... Rhe8 {[%cal Ge8e2] (Taking advantage of
the somewhat premature queen development)} 14. Nb3 ({Actually} 14. Qh5 $5 {
[%csl Gf7] may be simpler and better, revealing the Achilles heel in Black's
optically impressive regrouping.}) 14... exd5 15. cxd5 Nxd5 {I was not sure
about this position, but apparently White can keep the initiative:} 16. Qc2
Nxb3 (16... Nf6 17. Nxa5 bxa5 18. e5 $16 {[%cal Gd3f5] /\ Bf5}) (16... Ne7 17.
Nxa5 bxa5 18. Rb1 $40) 17. axb3 Ne7 18. Rxa7 Kb8 19. Qa2 $14) 14. Nb3 {Another
quick move - I wanted to make use of my pawn on a2.} ({But} 14. a4 $1 {was a
simpler continuation, without the need of sacrificing a pawn and any chances
for counterplay for Black.} c5 (14... Kb8 15. Ba3 {/\ Bb4}) 15. Nb5 $14) 14...
Qa4 (14... Nb7 15. a4 $40) 15. Nxa5 Qxa5 16. a4 $1 {[%csl Ga5] x Qa5. After
the game, my opponent confessed that after this move he felt like resigning at
once, but analysis proves this too pessimistic.} Rhe8 $6 {Too slow.} (16...
Qxc3 $2 17. Bd2 $18 {[%cal Ga4a5]}) ({Black should have cleared matters in the
centre at once:} 16... exd5 $1 17. cxd5 Bxd3 18. Qxd3 f5 19. c4 fxe4 20. Qxe4
$14 {For instance:} Rhe8 21. Qd3 Ng8 22. Bb2 Nf6 23. Bc3 Qc5+ 24. Bd4 Qa5 25.
Rfb1) 17. Ba3 $1 {[%cal Ga3b4] /\ Bb4} Qxc3 (17... c5 $2 18. Rfb1 {/\ Rb4} Bb7
19. Rb5 Qa6 20. a5 $18) 18. Bb2 Qa5 19. Bxg7 Kb8 $5 {Preparing some
counterplay along the c-file.} (19... exd5 20. cxd5 Bxd3 21. Qxd3 f5 22. exf5 (
22. Rad1 fxe4 23. Qxe4 $16) 22... Qxd5 23. Qxd5 Nxd5 24. f6 $16) (19... h5 20.
Bf6 $16) 20. Bf6 (20. Bxh6 {(+- according to Ionescu)} f6 $1 $14 {x Bh6}) 20...
Rc8 (20... exd5 21. cxd5 Nxd5 22. Bxd8 Nc3 23. Qc2 Bxd3 24. Qxd3 Rxd8 25. Rfc1
Nxa4 26. Qb3 Nc5 (26... b5 27. Rcb1 $18) 27. Qb2 Na4 28. Qd4 b5 29. Rc6 $16) (
20... Rd7 21. Rfc1 {[%csl Ge8][%cal Re2e8,Re6d5,Re4d5] <->e}) 21. Qc2 $6 {
[%csl Rc2][%cal Gc8c2] x Qc2. By now I had started experiencing serious time
problems and my play became less precise.} (21. Kh1 $5 $16 c6 $140 $6 22. c5 $3
Bxd3 23. Qxd3 Qxc5 {Without check!!} 24. Rfc1 Qb4 25. Rc4 Qa5 26. dxe6 $18 {
x Pd6}) 21... c6 $6 (21... exd5 $1 22. cxd5 c6 $14) 22. dxe6 (22. e5 Ng8 $5)
22... fxe6 23. f5 $5 ({After the exchange on c6, the pin along the f1-a6
diagonal became irrelevant so there was no need to keep the bishop defended
anymoe. Strongest would have been} 23. Qb2 $1 d5 ({I missed that} 23... Bxc4 $2
{is not a threat:} 24. Bxc4 Qc5+ 25. Qd4 $1 $18) 24. Qa3 Ng8 25. Bc3 Qc5+ 26.
Qxc5 bxc5 27. Be5+ Ka8 28. Rac1 $18) 23... d5 24. Bxe7 $2 $138 {At this height
of the game I had few minutes left, getting soon to the stage of 30 seconds
per move. My opponent joined me in the time trouble slightly later.} (24. cxd5
$1 cxd5 25. Qe2 Bxd3 26. Qxd3 $16 dxe4 $2 27. Qd6+ Rc7 28. Rac1 Nd5 29. Be5 $18
) 24... Rxe7 25. f6 Rd7 (25... Rf7 $5) 26. cxd5 cxd5 27. Qe2 Bxd3 28. Qxd3 d4 (
28... Qc5+ 29. Kh1 d4 30. a5 $1 b5 31. a6 $16 {[%csl Gb7] x Kb8}) 29. Rac1 $1
$36 Rf8 $138 30. Qa3 (30. Rc6 $1 Qe5 (30... e5 31. Qa3 Rff7 32. Rd6 $16 {
x Pf6, Kb8}) 31. a5 $1 Qxa5 32. Rxe6 $16 {o^f6, e4}) 30... Rdd8 31. Qg3+ (31.
Qe7 $5 Qe5 32. a5 $1) (31. Rc6 $5) 31... e5 (31... Ka8 32. e5 $16) 32. Rf5 Ka8
33. Rxe5 Qxa4 34. Qf3 (34. Re7 $1 d3 35. Qc7 Rb8 36. Rd7 $18 Rxf6 $140 37. Rd8)
34... d3 35. Re6 $2 ({I was disappointed that my initially intended} 35. Re7 $2
{threatening mate fails to} Qd4+ {[%csl Gf6] X Pf6}) (35. Rf5 $1 d2 36. e5+ Kb8
37. Rd1 $16 Rd3 $140 38. Qxd3 $1 Qxd1+ 39. Rf1 Qe1 40. Qd6+ Kb7 41. h3 d1=Q 42.
Qxd1 Qxe5 43. Qd7+ Qc7 44. Qe6 a5 45. f7 $16) 35... d2 36. e5+ Kb8 37. Rd1 Rd3
38. Qe2 $2 (38. Qf1 $13) 38... Rfd8 $2 (38... Qd4+ 39. Kf1 (39. Kh1 Re3 40. Qf1
Qg4 $19 {/\ Rxe6, /\ Qxd1!}) 39... Qd7 $1 $17) 39. f7 Re3 40. Qxd2 $1 {I stood
up and went out with the distinct feeling that I was winning. While smoking I
managed to work out mentally all the checks needed to secure the win. In the
meanwhile, Ionescu played} Rxd2 $138 {but failed to press his clock in time.
For a while he tried to make use of the fact that "he overstepped the time
limit AFTER moving", which has no legal ground, but calmed down only when
Constantin Lupulescu, who happened to be around, showed him the winning lines.
But by the time I returned to my board, the scoresheets were signed already
and my opponent congratulated me on the win.} (40... Qxd1+ 41. Qxd1 Rxd1+ 42.
Kf2 $18) (40... Rxd2 41. f8=Q+ Kb7 42. Re7+ Ka6 (42... Kc6 43. Qe8+) 43. Qc8+ (
43. Qf1+ $18) 43... Kb5 44. Qe8+ $18) 1-0

[Event "ROM-ch"]
[Site "Bucharest"]
[Date "1998.12.17"]
[Round "9"]
[White "Marin, Mihail"]
[Black "Nanu, Ciprian Costica"]
[Result "1-0"]
[WhiteElo "2530"]
[BlackElo "2405"]
[Annotator "Marin,M"]
[PlyCount "41"]
[EventDate "1998.12.08"]
[EventType "tourn"]
[EventRounds "15"]
[EventCountry "ROU"]
[EventCategory "9"]
[SourceTitle "CBM 069"]
[Source "ChessBase"]
[SourceDate "1999.04.01"]
[SourceVersion "1"]
[SourceVersionDate "1999.04.01"]
[SourceQuality "1"]

1. Nf3 b5 2. e4 a6 3. d4 Bb7 4. Bd3 e6 5. Nbd2 c5 6. c3 d6 7. Qe2 Nd7 8. Nf1
Ngf6 9. Ng3 e5 (9... Be7 10. a4 c4 11. Bc2 O-O 12. h4 $16) 10. a4 c4 11. Bc2 g6
{><f5} 12. b3 $1 $16 cxb3 (12... Qc7 $142 13. bxc4 bxc4 14. O-O Be7) 13. Bxb3
Bg7 14. Ba3 Qc7 (14... Qe7) 15. O-O h5 (15... Qxc3 16. Qa2 $16) 16. Qa2 Nb6 {
[#]} (16... O-O-O 17. h4 $1 $16 {><f7, עc8}) (16... O-O 17. Ng5 Nb6 18. dxe5)
17. Bxd6 $1 Qxd6 18. Bxf7+ Kf8 19. dxe5 Qe7 20. Bxg6 $1 (20. exf6 Qxf6 {
/\h4, /\Nxa4, <=>}) 20... Ng4 21. Nf5 (21. Nf5 Qc7 22. Qa3+ $18) 1-0

[Event "Sitges op 25th"]
[Site "Sitges"]
[Date "1999.07.23"]
[Round "8"]
[White "Marin, Mihail"]
[Black "Cicak, Slavko"]
[Result "1-0"]
[WhiteElo "2548"]
[BlackElo "2501"]
[Annotator "Marin,M"]
[PlyCount "77"]
[EventDate "1999.07.16"]
[EventType "swiss"]
[EventRounds "9"]
[EventCountry "ESP"]
[SourceTitle "CBM 072"]
[Source "ChessBase"]
[SourceDate "1999.10.01"]
[SourceVersion "1"]
[SourceVersionDate "1999.10.01"]
[SourceQuality "1"]

1. c4 b6 2. d4 Bb7 3. d5 e6 4. a3 g6 5. g3 Bg7 6. Bg2 Ne7 7. Nh3 e5 8. O-O d6
9. Nc3 O-O 10. b4 Nd7 11. e4 Rc8 12. Qd3 h6 13. Bd2 a6 14. Rad1 (14. f3 $16 c6
15. Nf2) 14... c6 15. f3 cxd5 16. cxd5 b5 17. a4 Nb6 $1 18. a5 Nc4 19. Bc1 Rc7
20. Nf2 f5 $6 21. Ne2 Qa8 22. f4 Bc8 23. fxe5 Nxe5 24. Qb3 Nc4 25. Nf4 Qa7 26.
Qd3 (26. Kh1 Bd4) 26... Nb2 (26... Ne5) 27. Bxb2 Bxb2 28. Kh1 Be5 29. Ne6 Bxe6
30. dxe6 Rc4 31. exf5 Rxf5 32. Ne4 Qc7 33. Qd2 (33. g4 Rd4 34. gxf5 Rxd3 35.
Rxd3 gxf5) 33... h5 (33... Kg7 34. g4 Rd4 35. gxf5 Rxd2 36. f6+ Bxf6 37. Rxd2
Nf5 38. Nxf6 Kxf6 39. Re2 Ke7) 34. Rxf5 Nxf5 35. Qg5 Kg7 (35... Qg7 36. Rf1
Rxb4 37. Qd8+ (37. Rxf5 gxf5 38. e7 Rb1+ 39. Bf1 Rxf1+ 40. Kg2 fxe4 41. e8=Q+
Rf8 42. Qe6+) 37... Kh7 38. Ng5+ Kh6 39. Nf7+ Kh7 40. e7) 36. Rf1 Qe7 37. Rxf5
Qxg5 38. Rf7+ Kh6 39. Nxg5 1-0